Every Professional Wrestling World Heavyweight Champion EVER - Statistics

General Stats
  • This quiz has been taken 1,974 times
  • The average score is 128 of 412
Answer Stats
Hint Answer % Correct
1984 (6xWWF, 6xWCW) | 1994 (6xWCW, 6xWWF) Hulk Hogan
89%
1981 (9xNWA, 8xWCW, 2xWWF) | 1991 (8xWCW, 9xNWA, 2xWWF) | 1992 (2xWWF, 9xNWA, 8xWCW) "Nature Boy" Ric Flair
88%
1999 (4xWWF, 4xWWE, 5xWWEw) | 2002 (5xWWEw, 4xWWF, 4xWWE) Triple H
88%
2005 (12xWWE, 3xWWEw) | 2008 (3xWWEw, 12xWWE) John Cena
86%
1998 (6xWWF) Stone Cold Steve Austin
85%
1998 (7xWWF, 2xWCW, 1xWWE) | 2001 (2xWCW, 7xWWF, 1xWWE) The Rock
85%
1991 (4xWWF, 3xWWEw) The Undertaker
85%
2007 (3xWWEw, 4xWWF) The Undertaker
84%
1996 (3xWWF, 1xWWEw) | 2002 (1xWWEw, 3xWWF) "The Heartbreak Kid" Shawn Michaels
81%
1998 (1xWWF, 1xWWEw) | 2010 (WWEw, WWE) Kane
80%
2006 (4xWWE, 7xWWEw) | 2007 (7xWWEw, 4xWWE) Edge
79%
2000 (2xWWF, 1xWCW, 2xWWE, 2xWWEw, 5xTNA) | 2001 (1xWCW, 2xWWF, 2xWWE, 1xWWEw, 5xTNA) | 2006 (1xWWEw, 2xWWF, 1xWCW, 2xWWE, 5xTNA) | 2007 (5xTNA, 2xWWF, 1xWCW, 2xWWE, 1xWWEw) Kurt Angle
79%
2004 (4xWWEw, 8xWWE) | 2007 (8xWWE, 4xWWEw) Randy Orton
79%
1992 (5xWWF, 2xWCW) | 1999 (2xWCW, 5xWWF) Bret "The Hitman" Hart
78%
1999 (1xWWF, 2xWCW 1xWWE, 2xWWEw, 1xECW) | 2006 (1xECW, 2xWCW, 1xWWF, 1xWWE, 2xWWEw) | 2011 (2xWWEw, 2xWCW, 1xWWF, 1xWWE, 1xECW) The Big Show
78%
1995 (2xWCW, 1xWWF, 1xWWE, 1xECW, 2xWWEw) The Giant
78%
2005 (1xROH, 3xWWEw, 2xWWE) | 2008 (3xWWEw, 2xWWE, 1xROH) | 2011 (2xWWE, 3xWWEw, 1xROH) CM Punk
77%
1994 (1xWWF, 5xWCW) Diesel
77%
1998 (5xWCW, 1xWWF) Kevin Nash
77%
2006 (2xWWEw, 1xWWE) | 2011 (1xWWE, 2xWWEw) Rey Mysterio
77%
2002 (4xWWE, 1xIWGP) | 2005 (1xIWGP, 4xWWE) Brock Lesnar
76%
1990 (2xNWA, 6xWCW, 1xWWA, 4xTNA) | 1992 (6xWCW, 2xNWA, 1xWWA, 4xTNA) | 2002 (1xWWA, 2xNWA, 6xWCW, 4xTNA) | 2007 (4xTNA, 2xNWA, 6xWCW, 1xWWA) Sting
76%
2003 (3xNWA, 2xTNA, 1xIWGP) | 2009 (2xTNA, 3xNWA, 1xIWGP) | 2014 (1xIWGP, 3xNWA, 2xTNA) AJ Styles
75%
2001 (1xWWF, 2xWCW, 3xWWEw) | 2001 (2xWCW, 1xWWF, 3xWWEw) | 2008 (3xWWEw, 1xWWF, 2xWCW) Chris Jericho
74%
1998 (3xWWF, 1xTNA) Mankind
74%
2009 (1xTNA, 3xWWF) Mick Foley
74%
2000 (5xWCW, 1xWWEw) Booker T
73%
2006 (1xWWEw, 5xWCW) King Booker
73%
1988 (2xWWF, 4xWCW) Macho Man Randy Savage
73%
1995 (4xWCW, 2xWWF) "Macho Man" Randy Savage
73%
2005 (4xWWEw, 1xWWE) | 2009 (2xWWE, 4xWWEw) Batista
72%
2011 (2xWWEw, 2xNWA) Christian
72%
2006 (2xNWA, 2xWWEw) Christian Cage
72%
2004 (WWE) Eddie Guerrero
72%
2000 (WCW, WWEw) | 2004 (WWEw, WCW) Chris Benoit
71%
1988 (WWF) Andre The Giant
70%
2008 (1xWWE, 2xWWEw, 3xTNA) | 2009 (2xWWEw, 1xWWE, 3xTNA) | 2010 (3xTNA, 1xWWE, 2xWWEw) Jeff Hardy
70%
2005 (1xROH, 2xPWG, 1xWXW, 1xWWEw, 3xWWE) | 2007 (2xPWG, 1xROH, 1xWXW, 1xWWEw, 3xWWE) | 2009 (1xWXW, 1xROH, 2xPWG, 1xWWEw, 3xWWE) Bryan Danielson
69%
2011 (1xWWEw, 3xWWE, 1xROH, 2xPWG, 1xWXW) | 2013 (3xWWE, 1xWWEw, 1xROH, 2xPWG, 1xWXW) Daniel Bryan
69%
2006 (ECW, WWE, TNA) | 2006 (WWE, ECW, TNA) | 2010 (TNA, WWE, ECW) Rob Van Dam
69%
1998 (WCW, WWEw) | 2003 (WWEw, WCW) Goldberg
67%
1963 (2xWWWF) Bruno Sammartino
66%
1990 (WWF) The Ultimate Warrior
66%
2011 (2xWWE, 2xWWEw, 1xCMLL) Alberto Del Rio
64%
2007 (1xCMLL, 2xWWE, 2xWWEw) Dos Caras Jr.
64%
1999 (WWF, ECW) | 2007 (ECW, WWF) Mr. McMahon
64%
2013 (2xWWEw, 2xWWE, 1xCMLL) Alberto Del Rio
63%
1993 (2xWWF) Yokozuna
62%
1978 (WWWF, WWF) Bob Backlund
59%
2000 (4xWCW, 6xNWA, 2xWWA, 1xAAA) | 2001 (2xWWA, 4xWCW, 6xNWA, 1xAAA) | 2002 (6xNWA, 4xWCW, 2xWWA, 1xAAA) | 2011 (1xAAA, 4xWCW, 2xWWA, 6xNWA) Jeff Jarrett
59%
2004 (WWE) John Bradshaw Layfield
59%
2002 (ROH, TNA) | 2008 (TNA, ROH) Samoa Joe
58%
2006 (2xECW, 1xTNA) Bobby Lashley
57%
2014 (1xTNA, 2xECW) Lashley
57%
2002 (1xWWA, 2xWCW) Lex Luger
57%
2010 (WWE) The Miz
57%
1991 (2xWCW, WWA) "The Total Package" Lex Luger
57%
2009 (2xWWE, 1xWWEw) | 2012 (1xWWEw, 2xWWE) Sheamus
56%
2010 (ROH) Tyler Black
56%
1989 (1xUWA, 3xCWA, 3xWCW, 3xIWGP, 2xAJPW) | 1989 (3xIWGP, 1xUWA, 3xCWA, 3xWCW, 2xAJPW) | 1992 (3xWCW, 3xIWGP, 3xCWA, 1xUWA, 2xAJPW) Big Van Vader
55%
1987 (3xCWA, 3xWCW, 3xIWGP, 2xAJPW, 1xUWA) Bull Power
55%
1979 (3xNWA) "The American Dream" Dusty Rhodes
55%
1983 (WWF) The Iron Sheik
55%
2000 (ECW) Tommy Dreamer
55%
1999 (2xAJPW, 3xIWGP, 3xWCW, 3xCWA, 1xUWA) Vader
55%
1997 (ECW, NWA) | 2000 (NWA, ECW) Sabu
54%
1991 (2xWWF) Sgt. Slaughter
54%
1961 (NWA, WWWF) | 1963 (WWWF, NWA) "Nature Boy" Buddy Rogers
53%
1995 (4xECW) The Sandman
53%
2000 (WCW, WWA) | 2002 (WWA, WCW) Scott Steiner
51%
2000 (2xWCW, 2xWWF) Sid Vicious
51%
1996 (2xWWF, 2xWCW) Sycho Sid
51%
1999 (2xECW) Taz
50%
2011 (WWEw) Mark Henry
48%
1999 (3xWCW) Diamond Dallas Page
46%
1996 (2xECW, 1xNWA) | 2005 (1xNWA, 2xECW) Raven
45%
1975 (NWA, ECW) | 1997 (ECW, NWA) Terry Funk
45%
2010 (2xCZW) Jon Moxley
44%
1973 (7xNWA) Harley Race
43%
2010 (WWEw) Jack Swagger
43%
2001 (ECW, NWA) | 2005 (NWA, ECW) Rhino
43%
1992 (WCW) Ron Simmons
43%
1971 (WWWF) Pedro Morales
42%
1974 (IWA, WWWF) | 1977 (1xWWWF, 1xIWA) Superstar Billy Graham
42%
2000 (WCW) David Arquette
41%
1994 (4xECW, 1xNWA) Shane Douglas
41%
1994 (1xNWA, 4xECW) "The Franchise" Shane Douglas
41%
2011 (2xWWEw) Dolph Ziggler
40%
2011 (2xTNA) Bobby Roode
39%
1971 (WWWF) Ivan Koloff
37%
1989 (NWA) Ricky Steamboat
37%
1980 (UWA, IGWP) | 1987 (IWGP, UWA) Antonio Inoki
36%
1949 (3xNWA, 1xUWA) | 1977 (1xUWA, 3xNWA) Lou Thesz
36%
2007 (WWEw) The Great Khali
36%
2004 (2xROH, TNA) | 2012 (1xTNA, 2xROH) Austin Aries
35%
2011 (2xPWG, 1xROH) | 2012 (ROH, 2xPWG) Kevin Steen
35%
1993 (1xNWA, 4xIWGP, 3xAJPW) The Great Muta
35%
1973 (WWWF) Stan Stasiak
34%
2000 (WCW) Vince Russo
34%
2003 (3xIWGP) Shinsuke Nakamura
33%
2012 (PWG, ROH) | 2013 (ROH, PWG) Adam Cole
32%
1988 (AWA) Jerry "The King" Lawler
32%
2013 (2xTNA) Bully Ray
31%
2011 (TNA) James Storm
31%
2013 (GHC) KENTA
31%
1999 (2xECW) Mike Awesome
31%
2007 (2xPWG, 1xWXW) | 2012 (1xWXW, 2xPWG) El Generico
30%
2007 (ECW) Johnny Nitro
30%
1969 (NWA) Dory Funk Jr.
29%
1984 (NWA) Kerry Von Erich
29%
2002 (2xNWA) Ron "The Truth" Killings
29%
2006 (NWA) Abyss
28%
2002 (NWA) Ken Shamrock
28%
1997 (ECW) Bam Bam Bigelow
27%
2009 (PWG) Kenny Omega
27%
1985 (1xAWA, 4xAJPW) | 1990 (4xAJPW, 1xAWA) Stan "The Lariat" Hansen
27%
1960 (10xAWA, 1xIWA) | 1979 (1xIWA, 10xAWA) Verne Gagne
27%
1987 (AWA) Curt Hennig
26%
2000 (ECW) Justin Credible
26%
1974 (3xNWA) Giant Baba
24%
2000 (ECW, ROH) | 2009 (1xROH, 1xECW) Jerry Lynn
24%
2011 (2xTNA) Mr Anderson
24%
1993 (1xNWA) Barry Windham
23%
2014 (TNA) Eric Young
23%
2006 (7xIWGP) Hiroshi Tanahashi
23%
1975 (4xAWA) Nick Bockwinkel
23%
1996 (3xAJPW, 1xGHC) | 2002 (1xGHC, 3xAJPW) Kenta Kobashi
22%
1995 (ECW) Mikey Whipwreck
22%
2000 (1xECW, 2xWSL) | 2001 (1xNWA, 1xECW, 2xWSL) | 2005 (2xWSL, 1xECW, 1xNWA) Steve Corino
22%
2012 (2xIWGP) Kazuchika Okada
21%
2003 (2xWXW, 1xPWG) | 2010 (1xPWG, 2xWXW) Claudio Castagnoli
20%
2013 (2xROH) Jay Briscoe
20%
2001 (3xAJPW, 4xIWGP, 1xNWA) Keiji Mutoh
20%
2013 (TNA) Magnus
20%
1992 (1xNWA,1xIWGP) Masahiro Chono
20%
1992 (4xIWGP, 1xNWA, 3xAJPW) The Great Muta
20%
2013 (TNA) Chris Sabin
19%
2010 (ROH) Roderick Strong
19%
1987 (NWA) Ron Garvin
19%
1991 (1xNWA, 1xUWA, 6xIWGP) Tatsumi Fujinami
19%
2003 (1xWXW, 2xCZW, 1xPWG) | 2006 (2xCZW, 1xWXW, 1xPWG) | 2008 (1xPWG, 2xCZW, 1xWXW) Chris Hero
18%
2011 (2xNWA) Colt Cabana
18%
2011 (ROH) Eddie Edwards
18%
1908 (WHC) Frank Gotch
18%
1973 (2xNWA) Jack Brisco
18%
1998 (IWGP, NWA) Masahiro Chono
18%
1984 (AWA) Rick Martel
18%
1983 (1xUWA, 1xNWA, 6xIWGP) | 1988 (6xIWGP, 1xNWA, 1xUWA) Tatsumi Fujinami
18%
1994 (NWA) Chris Candido
17%
1995 (2xNWA) Dan Severn
17%
1971 (IWA, AWA) Dr. Bill Miller
17%
2008 (PWG) Low-Ki
17%
1962 (1xAWA, 1xIWA) Mr. M
17%
2007 (ROH) Nigel McGuinness
17%
2010 (PWG, ROH) | 2011 (ROH, PWG) Davey Richards
16%
1992 (5xAJPW, 3xGHC) | 2001 (3xGHC, 5xAJPW) Mitsuharu Misawa
16%
1998 (2xIWGP) Scott Norton
16%
1920 (4xWHC) Ed Lewis
15%
2005 (ROH) James Gibson
15%
1991 (CMLL) Konnan El Barbaro
15%
1999 (ECW, WSL) | 2006 (1xWSL, 1xECW) Masato Tanaka
15%
1994 (AJPW) Steve Williams
15%
2006 (ROH) Homicide
14%
2014 (PWG) Kyle O'Reilly
14%
1989 (2xAWA, 1xWSL) Larry Zbyszko
14%
2005 (2xAJPW, 1xAJPW, 1xNWA) | 2005 (2xIWGP, 2xAJPW, 1xNWA) | 2014 (NWA) Satoshi Kojima
14%
1990 (2xAJPW) Terry Gordy
14%
1981 (NWA) "Wildfire" Tommy Rich
14%
2014 (DG) Ricochet
13%
1992 (CWA) Road Warrior Hawk
13%
2007 (5xNWA) "Scrap Iron" Adam Pearce
13%
1993 (3xIWGP, 1xNWA, 1xAJPW) | 2001 (1xNWA, 3xIWGP, 1xAJPW) | 2003 (1xAJPW, 3xIWGP, 1xNWA) Shinya Hashimoto
13%
2011 (NWA) The Sheik
13%
2004 (IWGP) Bob Sapp
12%
1993 (UWA) Canadian Vampire Casanova
12%
1963 (AWA) Fritz Von Erich
12%
1961 (AWA, NWA) | 1966 (NWA, AWA) Gene Kiniski
12%
1984 (1xAWA, 3xAJPW) | 1989 (3xAJPW, 1xAWA) Jumbo Tsuruta
12%
1997 (5xIWGP, 1xAJPW, 1xGHC) | 2007 (1xAJPW, 5xIWGP, 1xGHC) | 2008 (1xGHC, 5xIWGP, 1xAJPW) Kensuke Sasaki
12%
2014 (ROH) Michael Elgin
12%
1948 (NWA) Orville Brown
12%
1959 (NWA, AWA) | 1960 (AWA, NWA) Pat O'Connor
12%
1982 (2xUWA, 3xIWGP) | 1989 (3xIWGP, 2xUWA) Riki Chōshū
12%
2002 (2xIWGP, 1xGHC) | 2014 (1xGHC, 2xIWGP) Yuji Nagata
12%
1984 (3xUWA) Dos Caras
11%
1989 (3xAJPW, 1xIWGP) | 1999 (1xIWGP, 3xAJPW) Genichiro Tenryu
11%
2006 (2xAJPW) Minoru Suzuki
11%
1973 (4xCWA, 1xAWA) | 1982 (1xAWA, 4xCWA) Otto Wanz
11%
2013 (2xNWA) Rob Conway
11%
1994 (5xAJPW) Toshiaki Kawada
11%
1996 (AJPW, GHC) | 2005 (GHC, AJPW) Akira Taue
10%
2008 (NWA) Blue Demon Jr.
10%
2001 (3xGHC, 1xAJPW) | 2011 (1xAJPW, 3xGHC) Jun Akiyama
10%
2007 (2xCZW) Nick Gage
10%
1966 (AWA) Dick The Bruiser
9%
2003 (4xIWGP) Hiroyoshi Tenzan
9%
2001 (4xCZW) John Zandig
9%
1964 (5xAWA, 1xIWA) | 1975 (1xIWA, 5xAWA) Maurice "Mad Dog" Vachon
9%
1990 (AWA) Mr. Saito
9%
2001 (WWA) Road Dogg
9%
2005 (CZW) Super Dragon
9%
2007 (1xROH, 3xGHC) | 2008 (3xGHC, 1xROH) Takeshi Morishima
9%
1963 (3xAWA) The Crusher
9%
2013 (AJPW) Akebono
8%
1968 (AWA) Dr. X
8%
1905 (WHC) Georg Hackenshmidt
8%
1921 (2xWHC) Stanislaus Zbyszko
8%
2010 (IWGP) Togi Makabe
8%
1956 (NWA) Whipper Billy Watson
8%
1936 (WHC) Ali Baba
7%
2010 (3xWXW) Big Van Walter
7%
1968 (2xIWA) Billy Robinson
7%
1937 (WHC) Bronko Nagurski
7%
2014 (DG) BxB Hulk
7%
2011 (DG) CIMA
7%
1978 (12xUWA) El Canek
7%
1938 (WHC) Jim Londos
7%
1994 (UWA) Kim Duk/Yamato
7%
1999 (2xNWA) Naoya Ogawa
7%
1988 (UWA) Perro Aguayo
7%
1989 (IWGP) Salman Hashimikov
7%
2001 (2xCZW) Wifebeater
7%
2010 (2xDG) YAMATO
7%
2002 (GHC, IWGP, AJPW) | 2003 (IWGP, AJPW, GHC) | 2009 (AJPW, IWGP, GHC) Yoshihiro Takayama
7%
2010 (WXW) Zack Sabre Jr.
7%
2003 (2xWXW) Alex Shelley
6%
2008 (AAA) Cibernético
6%
1935 (WHC) Danno O'Mahony
6%
1957 (NWA) Dick Hutton
6%
1936 (WHC) Dick Shikat
6%
2009 (2xAAA) Dr. Wagner Jr.
6%
1930 (WHC) Ed Don George
6%
1999 (NWA) Gary Steele
6%
2014 (AJPW) Joe Doering
6%
1915 (3xWHC) Joe Stecher
6%
2005 (PWG) Joey Ryan
6%
2001 (4xCZW) Justice Pain
6%
2002 (WWA) Nathan Jones
6%
1996 (IWGP) Nobuhiko Takada
6%
1991 (3xCWA) Rambo
6%
2000 (2xNWA) "The Colorado Kid" Mike Rapada
6%
2013 (WXW) Tommy End
6%
1973 (IWA) Wahoo McDaniel
6%
2008 (NWA) Brent Albright
5%
1991 (CMLL) Cien Caras
5%
1936 (WHC) Dave Levin
5%
1936 (WHC) Dean Detton
5%
1977 (CWA) Don Leo Jonathan
5%
2013 (CZW) Drew Gulak
5%
1917 (WHC) Earl Caddock
5%
2007 (4xAAA) El Mesías
5%
2012 (AAA) El Texano Jr.
5%
1929 (WHC) Gus Sonnenberg
5%
2011 (CMLL) Héctor Garza
5%
2007 (2xPWG) Human Tornado
5%
2012 (NWA) Kahagas
5%
1995 (CWA) Ludvig Borga
5%
2009 (IWGP) Manabu Nakanishi
5%
1997 (CWA) Marshall Duke
5%
2012 (CZW) MASADA
5%
2012 (AJPW) Masakatsu Funaki
5%
1965 (AWA) Mighty Igor Vodic
5%
1974 (IWA) Mighty Inoue
5%
1975 (5xIWA) Rusher Kimura
5%
1985 (UWA) Scorpio
5%
2013 (DG) Shingo Takagi
5%
1971 (IWA) Strong Kobayashi
5%
2008 (4xAJPW) Suwama
5%
2005 (3xWSL, 1xAJPW) | 2014 (AJPW, 3xWSL) Takao Ōmori
5%
1969 (IWA) Thunder Sugiyama
5%
1980 (2xUWA) Tiger Jeet Singh
5%
2008 (CMLL) Último Guerrero
5%
1979 (IWA) Alexis Smirnoff
4%
2005 (2xWXW) Ares
4%
2008 (WXW) Bad Bones
4%
2014 (CZW) Biff Busick
4%
1992 (CMLL) Black Magic
4%
2008 (CZW) Drake Younger
4%
2006 (CZW) Eddie Kingston
4%
2010 (AAA) Electroshock
4%
2010 (AAA) El Zorro
4%
1983 (UWA) Enrique Vera
4%
2009 (2xGHC) Go Shiozaki
4%
2004 (WXW) Ian Rotten
4%
2003 (2xWXW) Jimmy Jacobs
4%
2001 (2xIWGP) Kazuyuki Fujita
4%
2006 (WXW) Mike Quackenbush
4%
2004 (WXW) Robbie Brookside
4%
2005 (3xCZW) Ruckus
4%
1997 (CMLL) Sean Morley
4%
1994 (CMLL) Silver King
4%
2008 (2xWXW) Steve Douglas
4%
2006 (AJPW) Taiyō Kea
4%
1987 (UWA) The Killer
4%
2002 (1xCZW) The Messiah
4%
1976 (IWA) Umanosuke Ueda
4%
2002 (GHC) Yoshinari Ogawa
4%
2009 (WXW) Absolute Andy
3%
2007 (WXW) Alex Pain
3%
2012 (1xWXW) Axel "Axeman" Tischer
3%
2010 (CZW) B-Boy
3%
1993 (CMLL) Brazo de Plata
3%
2012 (CMLL) El Terrible
3%
2010 (2xDG) Masato Yoshino
3%
2003 (CMLL) Mr. Niebla
3%
2010 (AJPW) Ryoto Hama
3%
2014 (CZW) Sozio
3%
1997 (CMLL) Universo 2000
3%
1995 (CMLL) Apolo Dantés
2%
2011 (WXW) Daisuke Sekimoto
2%
2011 (CZW) Devon Moore
2%
2010 (DG) Masaaki Mochizuki
2%
2006 (2xGHC) Naomichi Marifuji
2%
1996 (2xCMLL) Rayo de Jalisco Jr.
2%
2006 (WSL) Ric Converse
2%
2006 (WSL) Shinjiro Otani
2%
2009 (GHC) Takashi Sugiura
2%
2005 (GHC) Takeshi Rikio
2%
2011 (2xCZW) Robert Anthony
1%
2012 (CZW) Scotty Vortekz
1%
2002 (IWGP) Tadao Yasuda
1%
No matching quizzes found
Score Distribution
Percent of People with Each Score
Percentile by Number Answered
Your Score History
You have not taken this quiz